Hodnotenie trhového postavenia podniku v procese jeho ohodnotenia diplomová práca

Salvato in:
Dettagli Bibliografici
Autore principale: Repčák, Slavomír
Ente Autore: Fakulta podnikového manažmentu EU. Katedra podnikovohospodárska
Altri autori: Jakubec, Miroslav
Natura: Libro
Lingua:slovacco
Pubblicazione: Bratislava 2013
Tags: Aggiungi Tag
Nessun Tag, puoi essere il primo ad aggiungerne!!

MARC

LEADER 00000nbm a2200000 4500
001 0170944
005 20161109102420.3
041 0 |a slo 
044 |a SK 
245 1 0 |a Hodnotenie trhového postavenia podniku v procese jeho ohodnotenia  |b diplomová práca  |c Slavomír Repčák ; školiteľ: Miroslav Jakubec 
264 1 |a Bratislava  |c 2013 
300 |a 76 s. 
100 1 |a Repčák, Slavomír 
700 1 |a Jakubec, Miroslav 
710 2 |a Fakulta podnikového manažmentu EU. Katedra podnikovohospodárska